000 00679nam a22002177a 4500
005 20141211115437.0
010 _aBAC-CH25
020 _a9788184771695
_c350.00
035 _aB-559193-225
035 _aG-002823
037 _adpl
_bUBH/Ven
082 _aN
100 _aCollins, Suzanne
245 _aThe Hunger Games/
_cby Suzanne Collins
260 _aNew York
_bScholastic Inc.
_c2014
270 _a557 Broadway
_bNew York
_e110012
300 _a374p.
_c20cm(pbk)
942 _2ddc
_cCH
_mCOL
_hN
999 _c86542
_d86542